000
00238nam a2200097Ia 4500
008
170619s9999 xx 000 0 und d
100
_a
Gray
245
0
_a
Analysis and Design of Analog Integrated Circuit
260
_b
Wiley-India
260
_c
2011
546
_a
ENGLISH
999
_c
20179
_d
20179